000 00871nam a22002297a 4500
001 41014
003 BD-RjUL
005 20211209053319.0
008 160514s1959 ii ||||| |||| 00| 0 ben d
020 _c: IRs 5.00
035 _a(BD-RjUL)41130
040 _aBD-RjUL
_bben
_cBD-RjUL
041 _aben
082 _223
_a891.4409
_bBHS 1959
100 _aভট্রাচার্য, বিজনবিহারী
_9126217
245 1 0 _aসমীক্ষা /
_cবিজনবিহারী ভট্রাচার্য
260 _aকলিকাতা :
_bমিত্র ও ঘোষ,
_c[1959]
300 _a২২৮ পৃ. ;
_c২১ সেমি.
650 _aবাংলা সাহিত্য
_xইতিহাস ও সমালোচনা
_9118060
650 _aBengali Literature
_xHistory & Criticism
_9120485
942 _2ddc
_cBK
999 _c41014
_d41014